Informatika vo vyučovacom predmete cvičná firma pre absolventov

Význam informatiky a využitia informačno-komunikačných technológií v predmete Cvičná firma pre absolventov. Minimálne štandardy zamestnanca cvičnej firmy. Internet a e-mail pre obchodnú komunikáciu cvičných firiem.

Salvato in:
Dettagli Bibliografici
Autore principale: Zubalová, Zdenka
Natura: Capitolo di libro
Lingua:slovacco
Soggetti:
Tags: Aggiungi Tag
Nessun Tag, puoi essere il primo ad aggiungerne!!

MARC

LEADER 00000naa$a2200000$$$4500
001 0068483
005 20240502071828.5
041 0 |a slo 
044 |a SK 
245 1 0 |a Informatika vo vyučovacom predmete cvičná firma pre absolventov  |c Zdenka Zubalová 
520 |a Význam informatiky a využitia informačno-komunikačných technológií v predmete Cvičná firma pre absolventov. Minimálne štandardy zamestnanca cvičnej firmy. Internet a e-mail pre obchodnú komunikáciu cvičných firiem. 
610 2 0 |a firmy cvičné 
610 2 0 |a informatika 
610 2 0 |a absolventi 
610 2 0 |a zamestnanci 
610 2 0 |a predmety učebné 
610 2 0 |a technológie informačné 
610 2 0 |a technológie komunikačné 
100 1 |a Zubalová, Zdenka